1163 1110 1541 1355 1166 1610 1979 1046 1121 1524 1077 1329 1472 1007 1715 1943 1200 1294 1599 1098 1178 1271 1910 1246 1350 1161 1631 1942 1052 1126 1087 1645 1122 1027 1589 1487 1834 1925 1075 1774 1941 1853 1426 1675 1743 1245 1870 1117 1831 1714 1270 1187 1959 1848 1282 1458 1557 1795 1104 1462 1270 1678 1599 1132 1940 1849 1046 1313 1147 1038 1782 1653 1807 1322 1916 1758 1492 1326 1230 1519 1304 1379 1403 1355 1853 1981 1890 1974 1080 1607 1079 1182 1801 1661 1967 1200 1547 1622 1271 BCNSPRNW ULIB Ver.6.0+V

เปลี่ยนเป็นภาษาไทย

Change to English
 แสดงรายละเอียดบรรณานุกรม
  กลับหน้าหลัก

Brief Record : Get Marc (ISO 2709) : E-mail record : QR code < ปิดหน้าต่าง
LEADER : 00000nam 2200000uu 4500
001    13399127743
003     ULIB
008    210518s2557||||th 000 0 tha d
020    ู^a9786163690302
050    ^aนว^bซ119ม^cล.3
100    ^aซ็อลบง
245    ^aมหากาพย์เทพมรณะ เล่ม 3
250    ^aพิมพ์ครั้งที่ 1
260    ^aกรุงเทพฯ :^bสยามอินเตอร์บุ๊คส์,^c2557
300    ^a224 หน้า;^b21 ซม.
650    ^aนวนิยาย
945    ^p200^l0^i008054
999    ^aประนอม เกษจรัล
รายการนี้ยังไม่มีแท็ก
คุณยังไม่ได้ล็อกอิน คุณสามารถมีกิจกรรมร่วมกับเว็บไซต์ได้ แต่ต้องล็อกอินก่อน ::
  ล็อกอิน

รายการสื่อสารสนเทศ

ลำดับที่ ประเภท เลขเรียก/บาร์โค้ด สถานที่ สถานะ
1. นวนิยาย
นวนิยาย
นว ซ119ม ล.3 ฉ.1 
  Barcode: 008054
ห้องสมุดวิทยาเขตนครสวรรค์
►นวนิยาย:l:Fiction
บนชั้น
Note:บริจาค

รายการใกล้เคียง
    ผู้แต่ง [ซ็อลบง]

    หัวเรื่อง [นวนิยาย]

BibComment


ยังไม่เคยถูกคอมเมนท์

คอมเมนท์ทรัพยากรรายการนี้
  คอมเมนท์: มหากาพย์เทพมรณะ ..


 Copyright 2026. Bcnsprnw @Library